00952nam a2200229Ia 450000500170000000800410001702000150005804000800007304100080015310000270016124501800018826000420036830000520041050000210046265000340048365000260051765000280054365000190057170000420059070000180063276500720065020211105120305.0130821s1994 ck ad frn 1 0dspa d a9580426503 aCo-BoUCMbspacDeissy Garcia (modificó)dAldemar Mondragón (modificó) aspa1 aHammer, Michaeld1948-10aReingeniería olvide lo que usted sabe sobre cómo debe funcionar una empresa, casi todo esta erradocMichael Hammer y James Champy ; traducción Jorge Cárdenas Nannetti aBogotábGrupo Editorial Normac1994 aviii, 226 páginasbilustraciones y gráficas aIncluye índice04aAdministración de empresas 04aCambio organizacional04aÉxito en los negocios04aReingeniería1 aCárdenas Nannetti, Jorgeetraductor1 aChampy, James0 tReengineering the Corporation : A manifesto for Business Revolution